000 00950cam a2200301 a 4500
999 _c5523
_d5523
001 5523
003 BD-JhCC
005 20171218125858.0
008 850920s1986 nyu d 001 0 eng
020 _a0023564105 (pbk.)
035 _a(BD-JhCC)5523
040 _aDLC
_cDLC
_dDLC
_dBD-JhCC
041 _aeng
050 0 0 _aPN41
_b.H6 1986
082 0 0 _a803
_219
_b1986
100 1 _aHolman, C. Hugh
_q(Clarence Hugh),
_d1914-1981.
245 1 2 _aA handbook to literature /
_c C. Hugh Holman, William Harmon
250 _a5th ed.
260 _aNew York :
_bMacmillan ;
_aLondon :
_bCollier Macmillan,
_cc1986.
300 _avii, 647 p. ;
_c24 cm.
500 _a"Based on the original edition by William Flint Thrall and Addison Hibbard."
500 _aIncludes index.
650 0 _aLiterature
_xTerminology.
650 0 _aLiterary form
_xTerminology.
650 0 _aCriticism
_xTerminology.
700 1 _aHarmon, William,
_d1938-
942 _2ddc
_cBK